00659cam a2200205 4500001000500000005001700005008003900022010001700061020003100078082001200109100002300121245008300144250001200227260003700239300002600276504006400302650002900366650001500395700004300410799020181127184835.0111114s2013 nyu b 001 0 eng a 2011046294 a9780078034930 (alk. paper)00a3062231 aLavenda, Robert H.10aCore concepts in cultural anthropology /cRobert H. Lavenda, Emily A. Schultz. a5th ed. aNew York :bMcGraw-Hill,cc2013. axii, 276 p. ;c23 cm. aIncludes bibliographical references (p. 255-268) and index. 0aEthnologyvBibliography. 0aEthnology.1 aSchultz, Emily A.q(Emily Ann),d1949-